000
00430nam a2200145Ia 4500
008
100122s9999 xx 000 0 und d
082
_b
51517
_a
824
100
_a
सुर्वे नंदा
245
_a
स्मरणस्वर
260
_b
सिग्नेट पब्लिकेशन
_c
1995
300
_a
163
630
_a
स्मरणस्वर
730
_a
स्मरणस्वर
942
_c
BOOK
999
_c
428903
_d
428900